00494nam a2200181 a 4500001001300000003000900013005001700022008004100039020002300080082001700103100001900120245006300139260002500202300000900227500003500236650002200271700001900293nice12345678IN_TiNIC20260116014155.0121001s2006 dela grp 000 0 eng  a8172149263 c12500a261.834bCHU aChung, Meehyun aBreaking Silenceb Theology from Asian Women`s Perspective aDelhi bISPCK c2006 a171p aincludes index and biblioraphy aTheology-Feminist1 aChung, Meehyun